Topique : revue freudienne /

Contenido: El silencio del psicoanalista (A. Green); Entre la estasis y el éxtasis (J. McDougall); El analizado parásito (M. Enríquez); El mecanismo de defensa psicopático dentro del tratamiento analítico (G. Schneider); Los padres mártires (J.P. Chartier); La técnica analítica en la cura de estruct...

Descrizione completa

Salvato in:
Dettagli Bibliografici
Altri autori: Castoriadis-Aulagnier, Piera (dir.) Direttore
Natura: Libro
Lingua:francese
Soggetti:
Tags: Aggiungi Tag
Nessun Tag, puoi essere il primo ad aggiungerne!!

MARC

LEADER 00000nam^a2200000^a^4500
001 000103368
005 20250521000000.0
009 20260526122131.352
037 |a Acervo ITESO - Biblioteca 
041 |a FRA 
082 |a 150. 195205  |b TOP V. 23 
100 |a Castoriadis-Aulagnier, Piera  |e (dir.) 
245 0 0 |a Topique :  |b revue freudienne /  |c Dir. de P. Castoriadis-Aulagnier. 
264 |a París, Francia :  |b EPI,  |c 1979 
300 |a 135 p. 
336 |a texto  |b txt  |2 rdacontenido 
337 |a sin mediación  |b n  |2 rdamedio 
338 |a volumen  |b nc  |2 rdasoporte 
520 |a Contenido: El silencio del psicoanalista (A. Green); Entre la estasis y el éxtasis (J. McDougall); El analizado parásito (M. Enríquez); El mecanismo de defensa psicopático dentro del tratamiento analítico (G. Schneider); Los padres mártires (J.P. Chartier); La técnica analítica en la cura de estructura narcisista (M.C. Célérier); Silencio discurso inhibido, discurso anecdótico (M. Artières); De la transferencia necesaria a la pasión alienante (P. Aulagnier). 
649 |a XX 
650 |a Narcisismo 
650 |a Psicopatología 
650 |a Psicología Clínica 
650 |a Psicoanálisis -  |x Teoría 
650 |a Neutralidad (Psicoanálisis) 
650 |a Transferencia (Psicoanálisis) 
650 |a Relación Analítica 
650 |a Psicoanálisis -  |x Técnica 
650 |a Escuela Francesa de Psicoanálisis 
650 |a Psicoanálisis Freudiano 
650 |a Psicoanálisis -  |x Publicaciones Periódicas Francesas 
650 |a Publicaciones Periódicas Francesas 
910 |a Fondo Armando Suárez Gómez 
920 |a Impresos - Libros 
930 |a Fondos Especiales 
905 |a 111 
901 |a 0700002404  |b IT2  |c ESP  |u 20250521 
902 |a https://opac.biblio.iteso.mx/vufind/Record/000103368